Statistics for Feyenoord Champions League Winner Starting XI

Click here to take the quiz!

General Stats

  • This quiz has been taken 63 times
  • The average score is 5 of 11

Answer Stats

Player% Correct
Ove Kindvall
72%
Willem van Hanegem
67%
Rinus Israël
65%
Coen Moulijn
51%
Eddy Pieters Graafland
47%
Wim Jansen
47%
Franz Hasil
35%
Piet Romeijn
26%
Theo Laseroms
26%
Henk Wery
23%
Theo van Duivenbode
19%

Score Distribution

Percentile by Number Answered

Percent of People with Each Score

Your Score History

You have not taken this quiz